| 000 | 00450nam a2200193Ia 4500 | ||
|---|---|---|---|
| 005 | 20250423101233.0 | ||
| 008 | 250422s9999 xx 000 0 und d | ||
| 020 | _a978-0-321-75264-2 | ||
| 050 | _aHC 79 .E5 .B4735/ | ||
| 100 | _aBerck, Peter | ||
| 245 | 4 | _aThe economics of the environment | |
| 250 | _aint. ed. | ||
| 260 | _aBoston | ||
| 260 | _bAddison Wesley | ||
| 260 | _c2011 | ||
| 300 | _a508 p | ||
| 650 | _aEconomics | ||
| 942 | _cBK | ||
| 999 |
_c35703 _d35703 |
||